00891nam a2200229 a 4500001001000000003000500010005001700015008004100032010001100073011001100084040000900095100002900104245015200133260004100285500006000326502007700386650001700463650002800480650004400508650003900552856007000591000112564CHAP20220329144312.0160617s2016 mx a fsm |||||||spa d a109025 a109997 cCHAP1 aLópez Aguilar, Yuridia10aFormulas de fertilización en manzano (Malus x domestica Bork.) en la región Pesa-Itundujia, Oaxaca/h[En línea]cpor Yuridia López Aguilar. aChapingo, Méx. :bEl autor,c2016. aPara ver el contenido del material haga clic en la liga aTesis (Ing. Agr. Esp. en Fitotecnia) -- UACH. Departamento de Fitotecnia14aFenología.14aFertilización foliar.14aFertilizantesxEfecto en chile manzano.14aFertilizantesxEfecto en cultivos. aFinding aiduhttp://10.13.5.2/tesis/sist112564.pdfzTeclea aquí